Parlem-ne / (Record no. 39899)

MARC details
000 -LEADER
campo de control de longitud fija 00663nam a2200217 i 4500
001 - NÚMERO DE CONTROL
campo de control 39899
003 - IDENTIFICADOR DE NÚMERO DE CONTROL
campo de control ES-MaACL
005 - FECHA Y HORA DE LA ÚLTIMA TRANSACCIÓN
campo de control 20250804063357.0
007 - CAMPO FIJO DE DESCRIPCIÓN FÍSICA--INFORMACIÓN GENERAL
campo de control de longitud fija t|
008 - DATOS DE LONGITUD FIJA--INFORMACIÓN GENERAL
campo de control de longitud fija 030304s1967 sp ||||1| cat d
100 1# - ENTRADA PRINCIPAL--NOMBRE DE PERSONA
Nombre de persona Candel, Francisco,
Fechas asociadas al nombre 1925-2007
9 (RLIN) 34448
245 10 - MENCIÓN DEL TÍTULO
Título Parlem-ne /
Mención de responsabilidad, etc. Francesc Candel ; [traducció catalana de Martí Olaya].
250 ## - MENCION DE EDICION
Mención de edición [1ª ed.].
260 ## - PUBLICACIÓN, DISTRIBUCIÓN, ETC.
Lugar de publicación, distribución, etc. Barcelona, etc. :
Nombre del editor, distribuidor, etc. Bruguera,
Fecha de publicación, distribución, etc. [1967]
300 ## - DESCRIPCIÓN FÍSICA
Extensión 108 p. ;
Dimensiones 18 cm.
490 1# - MENCIÓN DE SERIE
Mención de serie Quaderns de cultura ;
Designación de volumen o secuencia 37
700 1# - ENTRADA AGREGADA--NOMBRE PERSONAL
Nombre de persona Olaya, Martí.
9 (RLIN) 86676
830 0# - PUNTO DE ACCESO ADICIONAL DE SERIE-TÍTULO UNIFORME
Título uniforme Quaderns de cultura ;
Designación de volumen o secuencia 37
9 (RLIN) 181826
852 ## - LOCALIZACIÓN
Ubicación ES-MaACL
Número de control de estantería C-34280
Sublocalización o colección R.64273
Holdings
Estatus retirado Estado de pérdida Estado de daño No para préstamo Biblioteca de origen Biblioteca actual Ubicación en estantería Fecha de adquisición Fuente de adquisición Total de préstamos Signatura topográfica completa Código de barras Visto por última vez Precio de reemplazo Tipo de ítem Koha
        Biblioteca del Ateneo de Madrid Biblioteca del Ateneo de Madrid Depósito 2 17/01/2008     C-34280 1042014 23/02/2023 23/02/2023 Libro impreso